1031 1731 1566 1902 1578 1582 1186 1169 1601 1870 1711 1443 1092 1704 1934 1562 1591 1047 1028 1022 1458 1106 1365 1361 1437 1710 1868 1764 1792 1420 1155 1691 1274 1903 1686 1909 1530 1790 1290 1861 1382 1876 1724 1210 1106 1241 1612 1007 1670 1188 1835 1501 1111 1259 1441 1129 1691 1073 1645 1930 1914 1012 1103 1411 1931 1128 1696 1129 1920 1209 1508 1184 1344 1613 1541 1740 1714 1980 1774 1590 1989 1469 1348 1492 1987 1629 1041 1693 1070 1374 1848 1066 1867 1378 1435 1344 1686 1108 1411 BCNSPRNW ULIB Ver.6.0+V

เปลี่ยนเป็นภาษาไทย

Change to English
 แสดงรายละเอียดบรรณานุกรม
  กลับหน้าหลัก

Brief Record : Get Marc (ISO 2709) : E-mail record : QR code < ปิดหน้าต่าง
LEADER : 00000nam 2200000uu 4500
001    13399115290
003     ULIB
008    120809s2546||||th 000 0 tha d
020    ^a9748016549
060 04 ^aWA671^bพ613อ 2546
100 0  ^aพัฒนา มูลพฤกษ์
245 10 ^aอนามัยสิ่งแวดล้อม =^bEnvironmental health /^cพัฒนามูลพฤกษ์
246 31 ^aEnvironmental health
250    ^aพิมพ์ครั้งที่ 3
260    ^aกรุงเทพฯ :^bสำนักงานกิจการโรงพิมพ์องค์การสงเคราะห์ทหารผ่านศึก,^c2546
300    ^a576 หน้า :^bภาพประกอบ ;^c27 ซม.
650  7 ^aสิ่งแวดล้อม
650  7 ^aอนามัยสิ่งแวดล้อม
945    ^p500^l0^i15010
995    ^aกัณชพร
999    ^aใช้งานได้ทุกระบบ
รายการนี้ยังไม่มีแท็ก
คุณยังไม่ได้ล็อกอิน คุณสามารถมีกิจกรรมร่วมกับเว็บไซต์ได้ แต่ต้องล็อกอินก่อน ::
  ล็อกอิน

รายการสื่อสารสนเทศ

ลำดับที่ ประเภท เลขเรียก/บาร์โค้ด สถานที่ สถานะ
- ไม่พบข้อมูล -

รายการใกล้เคียง
    ผู้แต่ง [พัฒนา มูลพฤกษ์]

    หัวเรื่อง [สิ่งแวดล้อม]
    หัวเรื่อง [อนามัยสิ่งแวดล้อม]

BibComment


ยังไม่เคยถูกคอมเมนท์

คอมเมนท์ทรัพยากรรายการนี้
  คอมเมนท์: อนามัยสิ่งแวดล้อ..


 Copyright 2026. Bcnsprnw @Library